| 000 | 00429nam a2200181Ia 4500 | ||
|---|---|---|---|
| 005 | 20250423095344.0 | ||
| 008 | 250422s9999 xx 000 0 und d | ||
| 020 | _a9788006507 | ||
| 050 | _aHF 5636 .U44/ | ||
| 100 | _aUmeaka, E.C. | ||
| 245 | 0 | _aFinancial accounting [vol.1] | |
| 260 | _aOwerri, Imo State | ||
| 260 | _bVersatile Publishers | ||
| 260 | _c2011 | ||
| 300 | _a307 p | ||
| 650 | _aAccounting. | ||
| 942 | _cBK | ||
| 999 |
_c30027 _d30027 |
||